[Event "LK jeugd t/m 14 jaar"]
[Site "Buggenum"]
[Date "2007.12.30"]
[Round "8"]
[White "Claessen, Remco"]
[Black "Kivits, Thijs"]
[Result "1-0"]
[WhiteElo "1345"]
[BlackElo "614"]
[PlyCount "25"]
[EventDate "2007.12.28"]
[EventType "tourn"]
[EventRounds "9"]
[EventCountry "NED"]
[Source "P.Boonen"]
[SourceDate "2015.01.01"]

1. e4 e5 2. d4 Bb4+ 3. c3 Bd6 4. Nf3 Nf6 5. dxe5 Bxe5 6. Nxe5 O-O 7. Bc4 Nxe4
8. Qg4 d6 9. Qf3 Re8 10. O-O Rxe5 11. Qxf7+ Kh8 12. Bh6 Re7 13. Bxg7# 1-0

[Event "LK jeugd t/m 14 jaar"]
[Site "Buggenum"]
[Date "2007.12.30"]
[Round "8"]
[White "Huisman, Brett"]
[Black "Suilen, Willem"]
[Result "0-1"]
[WhiteElo "612"]
[BlackElo "1402"]
[PlyCount "78"]
[EventDate "2007.12.28"]
[EventType "tourn"]
[EventRounds "9"]
[EventCountry "NED"]
[Source "P.Boonen"]
[SourceDate "2015.01.01"]

1. e4 e5 2. Nf3 Nc6 3. d4 exd4 4. Nxd4 Nf6 5. Nxc6 bxc6 6. Bd3 Be7 7. Bg5 O-O
8. Bxf6 Bxf6 9. e5 Bxe5 10. Qh5 g6 11. Qxe5 Re8 12. Qe2 Rxe2+ 13. Bxe2 d5 14.
O-O Qg5 15. Nc3 Bh3 16. Bf3 Bg4 17. Bxg4 Qxg4 18. Rae1 Qd7 19. Ne2 Rb8 20. b3
c5 21. Rd1 Re8 22. Nf4 c6 23. c4 Qf5 24. Nh3 d4 25. Rfe1 Rxe1+ 26. Rxe1 Qc2 27.
g3 d3 28. Re8+ Kg7 29. Nf4 d2 30. Re2 d1=Q+ 31. Kg2 Qdxe2 32. Nxe2 Qxe2 33. a4
f5 34. a5 h5 35. h4 Kf6 36. Kh3 Qf3 37. Kh2 g5 38. hxg5+ Kxg5 39. Kh3 Qxf2 0-1

[Event "LK jeugd t/m 14 jaar"]
[Site "Buggenum"]
[Date "2007.12.30"]
[Round "9"]
[White "Bokern, Peter"]
[Black "Huisman, Brett"]
[Result "1-0"]
[WhiteElo "1085"]
[BlackElo "612"]
[PlyCount "23"]
[EventDate "2007.12.28"]
[EventType "tourn"]
[EventRounds "9"]
[EventCountry "NED"]
[Source "P.Boonen"]
[SourceDate "2015.01.01"]

1. e4 e5 2. Nf3 Nc6 3. Bc4 Nf6 4. Ng5 d5 5. exd5 Nxd5 6. Nxf7 Kxf7 7. Qf3+ Ke7
8. Bxd5 Nd4 9. Qf7+ Kd6 10. Nc3 Nxc2+ 11. Kd1 Nxa1 12. Ne4# 1-0

[Event "LK jeugd t/m 14 jaar"]
[Site "Buggenum"]
[Date "2007.12.30"]
[Round "9"]
[White "Broens, Yorick"]
[Black "Boroday, Vladislav"]
[Result "0-1"]
[WhiteElo "1042"]
[BlackElo "860"]
[PlyCount "148"]
[EventDate "2007.12.28"]
[EventType "tourn"]
[EventRounds "9"]
[EventCountry "NED"]
[Source "P.Boonen"]
[SourceDate "2015.01.01"]

1. e4 e5 2. Nf3 Nc6 3. Nc3 Nf6 4. Bb5 Bc5 5. Nxe5 Nxe5 6. d4 Bxd4 7. Qxd4 Nc6
8. Bxc6 dxc6 9. Qxd8+ Kxd8 10. Bg5 Ke7 11. e5 Be6 12. exf6+ gxf6 13. Bf4 Rad8
14. O-O Rhg8 15. Rfe1 Rg4 16. Bxc7 Rdg8 17. g3 Kd7 18. Ba5 b6 19. Bxb6 axb6 20.
b3 f5 21. Rad1+ Ke7 22. f4 h5 23. Re3 h4 24. Kf2 Rh8 25. h3 Rg6 26. Rde1 hxg3+
27. Rxg3 Rhg8 28. Rf3 Rg2+ 29. Ke3 R2g3 30. Na4 Rxf3+ 31. Kxf3 Kf6 32. Nxb6 Rh8
33. Kg3 Rg8+ 34. Kf3 Rh8 35. Rh1 Rb8 36. Na4 Bd5+ 37. Kg3 Bxh1 38. Nc5 Ra8 39.
a4 Re8 40. a5 Re3+ 41. Kh2 Bf3 42. a6 Re8 43. b4 Ra8 44. Kg3 Bh5 45. c4 Be2 46.
b5 cxb5 47. cxb5 Bxb5 48. h4 Kg6 49. Kh3 Bc6 50. Kg3 Bd5 51. Nd7 Rxa6 52. Ne5+
Kh5 53. Nd7 Ra3+ 54. Kf2 Kxh4 55. Nf6 Ra2+ 56. Ke3 Bc6 57. Ng8 Ra3+ 58. Kd4 Rf3
59. Ne7 Rxf4+ 60. Kc5 Ba4 61. Kd6 Bb3 62. Kd7 Re4 63. Kc6 Rc4+ 64. Kd6 f4 65.
Nd5 f3 66. Ne3 Rc3 67. Nf1 Bc4 68. Nd2 f2 69. Ke7 Rc2 70. Nf3+ Kg4 71. Ne5+ Kg3
72. Nxc4 Rxc4 73. Kd6 f1=Q 74. Kd5 Qd3+ 0-1

[Event "LK jeugd t/m 14 jaar"]
[Site "Buggenum"]
[Date "2007.12.30"]
[Round "9"]
[White "Suilen, Willem"]
[Black "Bokern, Paul"]
[Result "1-0"]
[WhiteElo "1402"]
[BlackElo "1286"]
[PlyCount "59"]
[EventDate "2007.12.28"]
[EventType "tourn"]
[EventRounds "9"]
[EventCountry "NED"]
[Source "P.Boonen"]
[SourceDate "2015.01.01"]

1. e4 e6 2. d4 d5 3. exd5 exd5 4. c4 Nf6 5. Nf3 Nc6 6. Nc3 Bg4 7. Be3 Bb4 8. a3
Bxc3+ 9. bxc3 O-O 10. Bd3 Ne4 11. Qc2 Bxf3 12. gxf3 Ng5 13. O-O-O g6 14. h4
dxc4 15. Bxg6 fxg6 16. Bxg5 Qd7 17. f4 Ne7 18. h5 Rae8 19. Rh2 Qf5 20. Qd2 Rf7
21. Rdh1 Nd5 22. f3 Re3 23. hxg6 Qxg6 24. f5 Rxc3+ 25. Qxc3 Qxg5+ 26. Qd2 Qxf5
27. Rh5 Qxf3 28. Qg5+ Kf8 29. Qd8+ Kg7 30. Rg5# 1-0

[Event "LK jeugd t/m 16 jaar"]
[Site "Buggenum"]
[Date "2007.12.28"]
[Round "1"]
[White "Clabbers, Sjors"]
[Black "Vaassen, Kevin"]
[Result "1/2-1/2"]
[WhiteElo "1213"]
[BlackElo "1611"]
[PlyCount "59"]
[EventDate "2007.12.28"]
[EventType "tourn"]
[EventRounds "5"]
[EventCountry "NED"]
[Source "P.Boonen"]
[SourceDate "2015.01.01"]

1. e4 c5 2. d4 e6 3. Nc3 b6 4. d5 d6 5. Nf3 Be7 6. Bc4 Nf6 7. e5 dxe5 8. Nxe5
exd5 9. Nxd5 O-O 10. Nxf6+ Bxf6 11. Qxd8 Rxd8 12. Nxf7 Re8+ 13. Be3 Be6 14. Nd6
Re7 15. Bxe6+ Rxe6 16. Nb5 Re7 17. O-O-O Nc6 18. Nd6 Ne5 19. Nf5 Re6 20. Bf4
Nc4 21. c3 Re4 22. Be3 Nxe3 23. Nxe3 Bg5 24. Rhe1 Rd8 25. Rxd8+ Bxd8 26. Kd1
Re7 27. Nd5 Rd7 28. c4 b5 29. b3 Kf7 30. a4 1/2-1/2

[Event "LK jeugd t/m 16 jaar"]
[Site "Buggenum"]
[Date "2007.12.28"]
[Round "1"]
[White "Frijns, Raoul"]
[Black "Strolenberg, Lars"]
[Result "1/2-1/2"]
[WhiteElo "1724"]
[BlackElo "1506"]
[PlyCount "52"]
[EventDate "2007.12.28"]
[EventType "tourn"]
[EventRounds "5"]
[EventCountry "NED"]
[Source "P.Boonen"]
[SourceDate "2015.01.01"]

1. d4 d5 2. c4 c6 3. Nc3 Nf6 4. Bg5 Nbd7 5. e3 e6 6. Nf3 Bb4 7. a3 Bxc3+ 8.
bxc3 Qa5 9. Qb3 Ne4 10. Qb4 Qxb4 11. cxb4 e5 12. dxe5 Nxg5 13. Nxg5 Nxe5 14.
cxd5 cxd5 15. Rd1 Be6 16. Nxe6 fxe6 17. Rc1 Kd7 18. Bb5+ Kd6 19. f4 Ng4 20. Ke2
Rac8 21. h3 Nf6 22. Bd3 Rc7 23. Rxc7 Kxc7 24. Rc1+ Kd7 25. g4 h6 26. Kd2 a6
1/2-1/2

[Event "LK jeugd t/m 16 jaar"]
[Site "Buggenum"]
[Date "2007.12.28"]
[Round "1"]
[White "Hendrix, Judith"]
[Black "Smith, Thijmen"]
[Result "1/2-1/2"]
[WhiteElo "1546"]
[BlackElo "1897"]
[PlyCount "70"]
[EventDate "2007.12.28"]
[EventType "tourn"]
[EventRounds "5"]
[EventCountry "NED"]
[Source "P.Boonen"]
[SourceDate "2015.01.01"]

1. e4 c5 2. Nf3 Nc6 3. d4 cxd4 4. Nxd4 Nf6 5. Nc3 e5 6. Ndb5 d6 7. Bg5 a6 8.
Na3 b5 9. Bxf6 gxf6 10. Nd5 f5 11. Bd3 Be6 12. Qh5 Bg7 13. O-O f4 14. c3 O-O
15. Nc2 Ne7 16. Nxe7+ Qxe7 17. Nb4 Kh8 18. Nd5 Bxd5 19. exd5 e4 20. Bc2 f5 21.
Rfe1 Qd7 22. g4 fxg4 23. Bxe4 Be5 24. a4 bxa4 25. Rxa4 g3 26. f3 Rg8 27. Re2
Qa7+ 28. Kh1 g2+ 29. Rxg2 Rxg2 30. Kxg2 Rg8+ 31. Kh3 Qg7 32. Qg4 Qh6+ 33. Qh4
Qg7 34. Qg4 Qf8 35. Qh5 Qg7 1/2-1/2

[Event "LK jeugd t/m 16 jaar"]
[Site "Buggenum"]
[Date "2007.12.28"]
[Round "2"]
[White "Clabbers, Sjors"]
[Black "Frijns, Raoul"]
[Result "0-1"]
[WhiteElo "1213"]
[BlackElo "1724"]
[PlyCount "32"]
[EventDate "2007.12.28"]
[EventType "tourn"]
[EventRounds "5"]
[EventCountry "NED"]
[Source "P.Boonen"]
[SourceDate "2015.01.01"]

1. e4 c5 2. d4 cxd4 3. c3 d5 4. Qxd4 dxe4 5. Qxd8+ Kxd8 6. c4 Bf5 7. Nc3 Nf6 8.
Bf4 Nbd7 9. f3 e5 10. Bg5 Bb4 11. g4 Bg6 12. Bg2 h6 13. Bxf6+ Nxf6 14. O-O-O+
Ke7 15. Nd5+ Nxd5 16. cxd5 Rac8+ 0-1

[Event "LK jeugd t/m 16 jaar"]
[Site "Buggenum"]
[Date "2007.12.28"]
[Round "2"]
[White "Strolenberg, Lars"]
[Black "Hendrix, Judith"]
[Result "0-1"]
[WhiteElo "1506"]
[BlackElo "1546"]
[PlyCount "60"]
[EventDate "2007.12.28"]
[EventType "tourn"]
[EventRounds "5"]
[EventCountry "NED"]
[Source "P.Boonen"]
[SourceDate "2015.01.01"]

1. e4 c5 2. Nf3 e6 3. d4 cxd4 4. Nxd4 Nf6 5. Nc3 Nc6 6. Nb3 Bb4 7. Bd3 d5 8.
Bd2 Be7 9. a3 a6 10. O-O O-O 11. Re1 b5 12. e5 Nd7 13. Re3 Ncxe5 14. Bxh7+ Kxh7
15. Qh5+ Kg8 16. Rh3 f5 17. Nd4 Nf6 18. Qe2 Qc7 19. f4 Bc5 20. Be3 Neg4 21. Rg3
Nxe3 22. Qxe3 Ng4 23. Qd2 Bxd4+ 24. Qxd4 Qa7 25. Qxa7 Rxa7 26. Rf1 Nf6 27. Rh3
Ne4 28. Ne2 Rc7 29. Nd4 Rc4 30. c3 Bd7 0-1

[Event "LK jeugd t/m 16 jaar"]
[Site "Buggenum"]
[Date "2007.12.28"]
[Round "2"]
[White "Vaassen, Kevin"]
[Black "Smith, Thijmen"]
[Result "1/2-1/2"]
[WhiteElo "1611"]
[BlackElo "1897"]
[PlyCount "94"]
[EventDate "2007.12.28"]
[EventType "tourn"]
[EventRounds "5"]
[EventCountry "NED"]
[Source "P.Boonen"]
[SourceDate "2015.01.01"]

1. f4 d5 2. Nf3 c5 3. d3 Nf6 4. e3 Nc6 5. Nc3 e6 6. b3 Be7 7. Bb2 b6 8. d4 O-O
9. Bd3 cxd4 10. exd4 Qc7 11. Ne2 Nb4 12. c3 Nxd3+ 13. Qxd3 Bd6 14. Ne5 Nd7 15.
O-O Bb7 16. Kh1 Be7 17. Rf3 Nxe5 18. fxe5 f6 19. exf6 Rxf6 20. Rxf6 Bxf6 21.
Rf1 e5 22. Qg3 Qe7 23. Qg4 Ba6 24. c4 dxc4 25. Ng3 Bc8 26. Nf5 Bxf5 27. Qxf5
Re8 28. dxe5 Bg5 29. Ba3 Qd8 30. e6 Qf6 31. bxc4 Qxf5 32. Rxf5 Bf6 33. h3 Rxe6
34. c5 Re1+ 35. Kh2 bxc5 36. Bxc5 a6 37. Rf2 h6 38. Bd6 Rd1 39. Bf4 Rd5 40. g4
Kf7 41. Kg3 Ke6 42. Re2+ Kd7 43. Rd2 Kc6 44. Kf3 Rc5 45. Rd6+ Kb5 46. Bxh6 Be5
47. a4+ Kxa4 1/2-1/2

[Event "LK jeugd t/m 16 jaar"]
[Site "Buggenum"]
[Date "2007.12.29"]
[Round "3"]
[White "Frijns, Raoul"]
[Black "Vaassen, Kevin"]
[Result "1-0"]
[WhiteElo "1724"]
[BlackElo "1611"]
[PlyCount "105"]
[EventDate "2007.12.28"]
[EventType "tourn"]
[EventRounds "5"]
[EventCountry "NED"]
[Source "P.Boonen"]
[SourceDate "2015.01.01"]

1. d4 d5 2. c4 Nf6 3. cxd5 Nxd5 4. e4 Nf6 5. Nc3 Nc6 6. Bb5 Bd7 7. Nf3 a6 8.
Be2 Bg4 9. d5 Na7 10. Bg5 e6 11. e5 h6 12. exf6 hxg5 13. Qa4+ c6 14. dxc6 Nxc6
15. Qxg4 Qxf6 16. Qxg5 Qxg5 17. Nxg5 Bd6 18. Nf3 Ke7 19. Bd3 Rad8 20. Ke2 f5
21. a3 a5 22. h3 Kf6 23. Bc4 e5 24. Nd5+ Kg6 25. Rad1 e4 26. Nd4 Ne5 27. Ne6
Rc8 28. Ndf4+ Kf6 29. Rxd6 Nxc4 30. Rd7 g5 31. Nxg5 Kxg5 32. Ne6+ Kf6 33. Nd4
b6 34. Rb7 Rhd8 35. Rd1 Nxb2 36. Rxb6+ Ke5 37. f4+ exf3+ 38. Nxf3+ Kf4 39. Rxd8
Rxd8 40. Rxb2 Kg3 41. Kf1 Rd1+ 42. Ne1 Ra1 43. Rb3+ Kf4 44. Rf3+ Kg5 45. Kf2 f4
46. Nc2 Ra2 47. Rc3 Kh4 48. Kf3 Rb2 49. Nd4 Rb1 50. Kxf4 Rb8 51. Nf5+ Kh5 52.
Rc6 Rh8 53. g4# 1-0

[Event "LK jeugd t/m 16 jaar"]
[Site "Buggenum"]
[Date "2007.12.29"]
[Round "3"]
[White "Hendrix, Judith"]
[Black "Clabbers, Sjors"]
[Result "1-0"]
[WhiteElo "1546"]
[BlackElo "1213"]
[PlyCount "61"]
[EventDate "2007.12.28"]
[EventType "tourn"]
[EventRounds "5"]
[EventCountry "NED"]
[Source "P.Boonen"]
[SourceDate "2015.01.01"]

1. e4 e5 2. Nf3 Nf6 3. Nc3 Nc6 4. d4 exd4 5. Nxd4 Bb4 6. Nxc6 bxc6 7. Bd3 d5 8.
exd5 cxd5 9. O-O O-O 10. Bg5 Bd6 11. Qf3 Bb7 12. Bxf6 Qxf6 13. Qxf6 gxf6 14.
Rfe1 Kh8 15. g3 c5 16. Nb5 Be5 17. Rab1 Bc6 18. f4 Bxb5 19. fxe5 Bxd3 20. cxd3
fxe5 21. Rxe5 Rfd8 22. Rc1 Rab8 23. b3 Rb5 24. Rc2 Rd7 25. Re8+ Kg7 26. Rc8 c4
27. dxc4 dxc4 28. R8xc4 Rd1+ 29. Kg2 Ra1 30. Ra4 Rxb3 31. axb3 1-0

[Event "LK jeugd t/m 16 jaar"]
[Site "Buggenum"]
[Date "2007.12.29"]
[Round "3"]
[White "Smith, Thijmen"]
[Black "Strolenberg, Lars"]
[Result "1-0"]
[WhiteElo "1897"]
[BlackElo "1506"]
[PlyCount "21"]
[EventDate "2007.12.28"]
[EventType "tourn"]
[EventRounds "5"]
[EventCountry "NED"]
[Source "P.Boonen"]
[SourceDate "2015.01.01"]

1. e4 e5 2. Nf3 Nc6 3. d4 exd4 4. Bc4 Be7 5. Nxd4 Ne5 6. Bb3 Nf6 7. O-O d6 8.
f4 Bg4 9. Qe1 Ned7 10. e5 dxe5 11. fxe5 1-0

[Event "LK jeugd t/m 16 jaar"]
[Site "Buggenum"]
[Date "2007.12.29"]
[Round "4"]
[White "Clabbers, Sjors"]
[Black "Smith, Thijmen"]
[Result "0-1"]
[WhiteElo "1213"]
[BlackElo "1897"]
[PlyCount "54"]
[EventDate "2007.12.28"]
[EventType "tourn"]
[EventRounds "5"]
[EventCountry "NED"]
[Source "P.Boonen"]
[SourceDate "2015.01.01"]

1. e4 c5 2. Nf3 Nc6 3. d4 cxd4 4. c3 d3 5. Bxd3 d6 6. Bf4 e5 7. Bg5 Nf6 8. Bc4
Be7 9. Qd3 O-O 10. O-O h6 11. Bh4 Qc7 12. Rd1 Rd8 13. Bxf6 Bxf6 14. Na3 a6 15.
Nc2 b5 16. Bb3 Bb7 17. Ne3 Ne7 18. Bd5 Nxd5 19. Nxd5 Bxd5 20. Qxd5 Rac8 21. Nd2
Bg5 22. Nb3 Qd7 23. Na5 Qc7 24. Nb7 Rd7 25. Nxd6 Rcd8 26. Nxb5 Rxd5 27. Rxd5
axb5 0-1

[Event "LK jeugd t/m 16 jaar"]
[Site "Buggenum"]
[Date "2007.12.29"]
[Round "4"]
[White "Frijns, Raoul"]
[Black "Hendrix, Judith"]
[Result "1/2-1/2"]
[WhiteElo "1724"]
[BlackElo "1546"]
[PlyCount "65"]
[EventDate "2007.12.28"]
[EventType "tourn"]
[EventRounds "5"]
[EventCountry "NED"]
[Source "P.Boonen"]
[SourceDate "2015.01.01"]

1. d4 Nf6 2. Bg5 e6 3. e4 h6 4. Bxf6 Qxf6 5. Nf3 d5 6. e5 Qd8 7. Bd3 c5 8. c3
Qb6 9. Qc2 Nc6 10. dxc5 Bxc5 11. O-O O-O 12. Nbd2 Qc7 13. Nb3 Bb6 14. Rfe1 a6
15. Nbd4 Ba7 16. a4 Rb8 17. Re2 Bd7 18. Nxc6 Bxc6 19. Nd4 Rfc8 20. Rc1 Bxd4 21.
cxd4 Qd7 22. Qb1 Bxa4 23. Rxc8+ Rxc8 24. Re3 Qc7 25. Bh7+ Kf8 26. Rc3 Qd7 27.
Bd3 Rxc3 28. bxc3 Qc6 29. Qb2 a5 30. h3 b5 31. Qa3+ Ke8 32. Qb2 Qb6 33. Qa3
1/2-1/2

[Event "LK jeugd t/m 16 jaar"]
[Site "Buggenum"]
[Date "2007.12.29"]
[Round "4"]
[White "Vaassen, Kevin"]
[Black "Strolenberg, Lars"]
[Result "0-1"]
[WhiteElo "1611"]
[BlackElo "1506"]
[PlyCount "72"]
[EventDate "2007.12.28"]
[EventType "tourn"]
[EventRounds "5"]
[EventCountry "NED"]
[Source "P.Boonen"]
[SourceDate "2015.01.01"]

1. f4 e5 2. fxe5 d6 3. Nf3 dxe5 4. e4 Bd6 5. Bc4 Nc6 6. O-O f6 7. d3 Na5 8. Bd5
c6 9. Bb3 Nxb3 10. axb3 Ne7 11. Nh4 Be6 12. Nf5 Bxf5 13. exf5 Bc5+ 14. Kh1 Nd5
15. Qe1 g6 16. Nc3 Nxc3 17. bxc3 Kf7 18. fxg6+ hxg6 19. b4 Be7 20. h3 Qd5 21.
Bb2 Rxh3+ 22. Kg1 Rh5 23. c4 Qe6 24. Ra5 Bd6 25. Qe3 Rah8 26. Rf3 a6 27. Bc3
Bc7 28. Ra2 Rf5 29. Rxf5 Qxf5 30. Qf3 Qxf3 31. gxf3 Ke6 32. Kf2 f5 33. Ke3 Rh2
34. d4 e4 35. fxe4 Rh3+ 36. Kd2 Bf4+ 0-1

[Event "LK jeugd t/m 16 jaar"]
[Site "Buggenum"]
[Date "2007.12.30"]
[Round "5"]
[White "Hendrix, Judith"]
[Black "Vaassen, Kevin"]
[Result "1-0"]
[WhiteElo "1546"]
[BlackElo "1611"]
[PlyCount "59"]
[EventDate "2007.12.28"]
[EventType "tourn"]
[EventRounds "5"]
[EventCountry "NED"]
[Source "P.Boonen"]
[SourceDate "2015.01.01"]

1. e4 c5 2. Nf3 e6 3. d4 b6 4. Nc3 Bb7 5. Bf4 d5 6. dxc5 bxc5 7. Bb5+ Nd7 8.
exd5 exd5 9. O-O a6 10. Ba4 d4 11. Re1+ Be7 12. Ne4 Bxe4 13. Rxe4 Ngf6 14. Re2
O-O 15. Qe1 Re8 16. Qd2 Qb6 17. Bxd7 Nxd7 18. Rae1 Qxb2 19. Rxe7 Rxe7 20. Rxe7
Nf6 21. Re5 Rd8 22. Qa5 Rc8 23. Qxa6 Rf8 24. Qa4 Nd5 25. Bd2 Nb6 26. Qb3 Qxb3
27. axb3 c4 28. Rb5 cxb3 29. Rxb6 bxc2 30. Rd6 1-0

[Event "LK jeugd t/m 16 jaar"]
[Site "Buggenum"]
[Date "2007.12.30"]
[Round "5"]
[White "Smith, Thijmen"]
[Black "Frijns, Raoul"]
[Result "1-0"]
[WhiteElo "1897"]
[BlackElo "1724"]
[PlyCount "117"]
[EventDate "2007.12.28"]
[EventType "tourn"]
[EventRounds "5"]
[EventCountry "NED"]
[Source "P.Boonen"]
[SourceDate "2015.01.01"]

1. e4 c5 2. Nf3 Nc6 3. d4 cxd4 4. Nxd4 Nf6 5. Nc3 e5 6. Ndb5 d6 7. Bg5 a6 8.
Na3 b5 9. Nd5 Be7 10. Bxf6 Bxf6 11. c3 Bg5 12. Nc2 Ne7 13. Ncb4 O-O 14. a4 Bd7
15. axb5 axb5 16. Bd3 Nxd5 17. Nxd5 Bc6 18. O-O Rxa1 19. Qxa1 Qa8 20. Qxa8 Rxa8
21. g3 g6 22. Nc7 Ra5 23. b4 Ra3 24. Nxb5 Bxb5 25. Bxb5 Rxc3 26. Rb1 Rc1+ 27.
Rxc1 Bxc1 28. Bc6 Ba3 29. b5 Bc5 30. Kf1 Kf8 31. Ke2 Ke7 32. f3 f6 33. Kd3 Kd8
34. Kc4 Ke7 35. Kd5 h6 36. h3 g5 37. g4 Bb6 38. Kc4 Kd8 39. Bd5 Kd7 40. Bf7 Bd8
41. Kd5 Bb6 42. Bg6 Be3 43. Bf5+ Kc7 44. Be6 Bc5 45. Bf5 Be3 46. Ke6 Kb6 47.
Kxf6 Kxb5 48. Kg6 Kc5 49. Kxh6 d5 50. exd5 Kxd5 51. Kg6 Kd6 52. Kf6 Kd5 53. h4
gxh4 54. g5 h3 55. Bxh3 e4 56. Be6+ Kd4 57. g6 exf3 58. g7 f2 59. Bh3 1-0

[Event "LK jeugd t/m 16 jaar"]
[Site "Buggenum"]
[Date "2007.12.30"]
[Round "5"]
[White "Strolenberg, Lars"]
[Black "Clabbers, Sjors"]
[Result "1-0"]
[WhiteElo "1506"]
[BlackElo "1213"]
[PlyCount "35"]
[EventDate "2007.12.28"]
[EventType "tourn"]
[EventRounds "5"]
[EventCountry "NED"]
[Source "P.Boonen"]
[SourceDate "2015.01.01"]

1. e4 e5 2. Nc3 Nf6 3. f4 d5 4. fxe5 Nxe4 5. d3 Nxc3 6. bxc3 Nc6 7. Nf3 Bg4 8.
Bf4 d4 9. Be2 Bc5 10. O-O dxc3+ 11. Kh1 Qd7 12. Ng5 Bxe2 13. Qxe2 h6 14. e6 Qd5
15. exf7+ Kd8 16. Ne6+ Kd7 17. Nxc7 Qxf7 18. Qg4+ 1-0

[Event "LK jeugd t/m 20 jaar"]
[Site "Buggenum"]
[Date "2007.12.27"]
[Round "1"]
[White "Bachaus, Sander"]
[Black "Nabuurs, Mart"]
[Result "1/2-1/2"]
[WhiteElo "1693"]
[BlackElo "2132"]
[PlyCount "83"]
[EventDate "2007.12.27"]
[EventType "swiss"]
[EventRounds "7"]
[EventCountry "NED"]
[Source "P.Boonen"]
[SourceDate "2015.01.01"]

1. e4 d5 2. exd5 Qxd5 3. Nc3 Qa5 4. b4 Qxb4 5. Rb1 Qd6 6. Bc4 Nf6 7. d4 a6 8.
a4 Qc6 9. Qd3 Qxg2 10. Qf3 Qxf3 11. Nxf3 e6 12. O-O Bd6 13. d5 e5 14. Nxe5 Bxe5
15. Re1 Nfd7 16. f4 f6 17. Ba3 Kd8 18. fxe5 Nxe5 19. Rxe5 fxe5 20. d6 c6 21. a5
Nd7 22. Ne4 h6 23. Nc5 Nxc5 24. Bxc5 Re8 25. Bb6+ Kd7 26. Bc7 Rf8 27. Bf1 Rf4
28. c3 g5 29. Re1 e4 30. Bd3 Rf6 31. Rxe4 Re6 32. Rd4 c5 33. Rd5 Kc6 34. c4 Bd7
35. Bc2 b5 36. axb6 Kb7 37. Rxc5 Rf8 38. Rf5 Re1+ 39. Kf2 Bxf5 40. Kxe1 Bxc2
41. d7 Bd3 42. d8=Q 1/2-1/2

[Event "LK jeugd t/m 20 jaar"]
[Site "Buggenum"]
[Date "2007.12.27"]
[Round "1"]
[White "Clevers, Egbert"]
[Black "Van Vliembergen, Marina"]
[Result "1-0"]
[WhiteElo "1946"]
[BlackElo "1749"]
[PlyCount "119"]
[EventDate "2007.12.27"]
[EventType "swiss"]
[EventRounds "7"]
[EventCountry "NED"]
[Source "P.Boonen"]
[SourceDate "2015.01.01"]

1. Nf3 e6 2. Nc3 d5 3. e3 Nf6 4. b3 Be7 5. g4 h6 6. Bb2 Nc6 7. Ne2 b6 8. a4 Ba6
9. Bg2 Nxg4 10. h3 Nf6 11. Rg1 Rg8 12. d3 Qd7 13. c3 O-O-O 14. b4 Bb7 15. Nc1
Bd6 16. b5 Na5 17. Nb3 Nxb3 18. Qxb3 a5 19. bxa6 Bxa6 20. Bf1 Kb7 21. Kd2 e5
22. a5 Qb5 23. Qc2 bxa5 24. Nh4 d4 25. cxd4 Bb4+ 26. Kc1 exd4 27. Bxd4 Rd6 28.
Bg2+ Nd5 29. Qb3 Bd2+ 30. Kxd2 Qxb3 31. Rgb1 Qxb1 32. Rxb1+ Kc8 33. Nf5 Kd7 34.
Nxd6 Kxd6 35. Ra1 g6 36. Bxd5 Kxd5 37. Rxa5+ c5 38. Rxa6 cxd4 39. e4+ Ke5 40.
Ra5+ Kf4 41. Rd5 Re8 42. Rxd4 Re5 43. Rd6 Kg5 44. Ke3 Kh4 45. Rf6 Re7 46. Rf3
f5 47. Kd4 fxe4 48. dxe4 g5 49. Kd5 g4 50. hxg4 Kxg4 51. Rf8 h5 52. e5 h4 53.
Kd6 Rh7 54. e6 h3 55. e7 h2 56. e8=Q Rh6+ 57. Kc5 h1=Q 58. Qd7+ Kh5 59. Qf5+
Kh4 60. Qf4+ 1-0

[Event "LK jeugd t/m 20 jaar"]
[Site "Buggenum"]
[Date "2007.12.27"]
[Round "1"]
[White "De la Fonteijne, Frederik"]
[Black "Vossen, Martijn"]
[Result "0-1"]
[WhiteElo "1346"]
[BlackElo "1571"]
[PlyCount "82"]
[EventDate "2007.12.27"]
[EventType "swiss"]
[EventRounds "7"]
[EventCountry "NED"]
[Source "P.Boonen"]
[SourceDate "2015.01.01"]

1. d4 g6 2. c4 Bg7 3. Nc3 d6 4. Nf3 Nf6 5. Bg5 O-O 6. e3 Nbd7 7. Bd3 c5 8. d5
Nb6 9. O-O a6 10. Qd2 Bg4 11. Be2 Bxf3 12. Bxf3 Nxc4 13. Qe2 Ne5 14. Be4 b5 15.
f4 Ned7 16. Bf3 Nb6 17. e4 h6 18. Bh4 Ra7 19. Rad1 Nfd7 20. Kh1 Bd4 21. a3 Nc4
22. Rxd4 cxd4 23. Nd1 Nc5 24. b4 Na4 25. Qd3 Qb6 26. Bf2 Rc7 27. Bxd4 Qb8 28.
Ba1 e5 29. g4 exf4 30. Qd4 Ne5 31. Nf2 Rc4 32. Qd1 Nc3 33. Qb3 Nxf3 34. Bxc3
Qb6 35. Qb2 Ne5 36. Bxe5 dxe5 37. Qxe5 Qe3 38. d6 f3 39. Qe7 Qxf2 40. Rg1 Rc1
41. Qa7 Qg2# 0-1

[Event "LK jeugd t/m 20 jaar"]
[Site "Buggenum"]
[Date "2007.12.27"]
[Round "1"]
[White "Van Vliembergen, Roland"]
[Black "Faassen, Guido"]
[Result "0-1"]
[WhiteElo "1729"]
[BlackElo "1656"]
[PlyCount "90"]
[EventDate "2007.12.27"]
[EventType "swiss"]
[EventRounds "7"]
[EventCountry "NED"]
[Source "P.Boonen"]
[SourceDate "2015.01.01"]

1. e4 d5 2. exd5 Qxd5 3. Nc3 Qa5 4. Bc4 Nf6 5. d4 Bg4 6. f3 Bf5 7. g4 Bg6 8. h4
h5 9. g5 Nfd7 10. Nge2 c6 11. Be3 Qf5 12. f4 Qxc2 13. Bxf7+ Kxf7 14. Ng3 Qxd1+
15. Rxd1 e6 16. O-O Nb6 17. Rf2 Nc4 18. Bc1 Nd6 19. Re2 Na6 20. a3 Nc7 21. Na4
Nf5 22. Nxf5 Bxf5 23. Rf2 Rd8 24. b4 Nb5 25. Bb2 Rd7 26. Rfd2 Bd6 27. Nc5 Bxc5
28. bxc5 Bg4 29. Rc1 Rhd8 30. Rc4 Rd5 31. Kg2 Kg6 32. Kf2 e5 33. fxe5 Rxe5 34.
a4 Rf5+ 35. Kg2 Nc7 36. Rb4 Rb8 37. Rb3 Ne6 38. Re3 Rd5 39. Rf2 Nxd4 40. Re7
Nf5 41. Rc7 Nxh4+ 42. Kg3 Nf5+ 43. Kf4 Rxc5 44. Rd2 Rc4+ 45. Ke5 Re8+ 0-1

[Event "LK jeugd t/m 20 jaar"]
[Site "Buggenum"]
[Date "2007.12.27"]
[Round "2"]
[White "Belle, Prahlada"]
[Black "Vossen, Martijn"]
[Result "1-0"]
[WhiteElo "1848"]
[BlackElo "1571"]
[PlyCount "67"]
[EventDate "2007.12.27"]
[EventType "swiss"]
[EventRounds "7"]
[EventCountry "NED"]
[Source "P.Boonen"]
[SourceDate "2015.01.01"]

1. e4 b6 2. d4 Bb7 3. Nc3 e6 4. Bd3 Bb4 5. Bd2 Bxc3 6. Bxc3 d5 7. Qg4 dxe4 8.
Bxe4 Bxe4 9. Qxe4 Qd5 10. Qxd5 exd5 11. O-O-O Nc6 12. Nf3 f6 13. Rhe1+ Nge7 14.
Re6 Kf7 15. Rde1 Rhe8 16. Kd2 a5 17. h4 b5 18. b3 b4 19. Bb2 a4 20. h5 axb3 21.
axb3 Ra2 22. Bc1 Rc8 23. g4 g5 24. hxg6+ hxg6 25. g5 f5 26. Rf6+ Kg7 27. Ree6
Na5 28. Rxe7+ Kh8 29. Kd3 c5 30. dxc5 Kg8 31. Be3 Nc6 32. Rxg6+ Kf8 33. Reg7 d4
34. Rg8+ 1-0

[Event "LK jeugd t/m 20 jaar"]
[Site "Buggenum"]
[Date "2007.12.27"]
[Round "2"]
[White "Faassen, Guido"]
[Black "Clevers, Egbert"]
[Result "0-1"]
[WhiteElo "1656"]
[BlackElo "1946"]
[PlyCount "64"]
[EventDate "2007.12.27"]
[EventType "swiss"]
[EventRounds "7"]
[EventCountry "NED"]
[Source "P.Boonen"]
[SourceDate "2015.01.01"]

1. e4 Nc6 2. d4 e5 3. Nf3 Nf6 4. dxe5 Nxe4 5. Bc4 Nc5 6. O-O d6 7. Re1 Be6 8.
exd6 Bxd6 9. Bxe6 Nxe6 10. Ng5 O-O 11. Nxe6 fxe6 12. Nc3 Qh4 13. g3 Qh3 14. Re4
Ne5 15. f4 Ng4 16. Qe2 Bc5+ 17. Be3 Nxe3 18. Rxe3 Rxf4 19. gxf4 Qxe3+ 20. Qxe3
Bxe3+ 21. Kg2 Bxf4 22. Re1 Kf7 23. Rf1 g5 24. h4 h6 25. hxg5 hxg5 26. Ne2 e5
27. Kf3 Ke6 28. Rh1 Kf5 29. Rh7 Rd8 30. Rf7+ Ke6 31. Rxc7 e4+ 32. Kxe4 Bxc7 0-1